MARC details
| 000 -CABECERA |
| campo de control de longitud fija |
03516nam a2200421 a 4500 |
| 001 - NÚMERO DE CONTROL |
| campo de control |
dia_2632 |
| 003 - IDENTIFICADOR DEL NÚMERO DE CONTROL |
| campo de control |
CHAP |
| 005 - FECHA Y HORA DE LA ÚLTIMA TRANSACCIÓN |
| campo de control |
20250625132024.0 |
| 007 - CAMPO FIJO DE DESCRIPCIÓN FÍSICA--INFORMACIÓN GENERAL |
| campo de control de longitud fija |
ta |
| 008 - DATOS DE LONGITUD FIJA--INFORMACIÓN GENERAL |
| campo de control de longitud fija |
220117s2002 mx ado fr 001 0 spa d |
| 010 ## - NÚMERO DE CONTROL DE LA BIBLIOTECA DEL CONGRESO |
| Número de control de LC |
173150 |
| 020 ## - NÚMERO INTERNACIONAL ESTÁNDAR DEL LIBRO |
| Número Internacional Estándar del Libro |
970-24-0327-8 |
| 040 ## - FUENTE DE LA CATALOGACIÓN |
| Centro/agencia transcriptor |
CHAP |
| Centro catalogador/agencia de origen |
mxchpua |
| Normas de descripción |
rda |
| 041 ## - CÓDIGO DE LENGUA |
| Código de lengua del texto/banda sonora o título independiente |
spa |
| Código de lengua del sumario o resumen |
spa |
| Código de lengua de la tabla de contenido |
spa |
| Código de lengua original |
eng |
| 050 1# - SIGNATURA TOPOGRÁFICA DE LA BIBLIOTECA DEL CONGRESO |
| Número de clasificación |
TA357 |
| Número de documento/Ítem |
.C76 2002 |
| 082 ## - NÚMERO DE LA CLASIFICACIÓN DECIMAL DEWEY |
| Número de edición |
20 |
| Número de clasificación |
620.106 |
| Número de documento/Ítem |
C76 2002 |
| 100 1# - ENTRADA PRINCIPAL--NOMBRE DE PERSONA |
| Nombre de persona |
Crowe, Clayton T. |
| 9 (RLIN) |
153276 |
| 240 10 - TÍTULO UNIFORME |
| Título uniforme |
Engineering fluid mechanics. |
| Lenguaje de la obra |
Español |
| 245 10 - MENCIÓN DE TÍTULO |
| Título |
Mecánica de fluidos / |
| Mención de responsabilidad, etc. |
Clayton T. Crowe, Donald F. Elger y John A. Roberson ; traductor Jorge H. Romo |
| 250 ## - MENCIÓN DE EDICIÓN |
| Mención de edición |
1a edición |
| 264 ## - PRODUCCIÓN, PUBLICACIÓN, DISTRIBUCIÓN, FABRICACIÓN Y COPYRIGHT |
| Producción, publicación, distribución, fabricación y copyright |
México : |
| Nombre del de productor, editor, distribuidor, fabricante |
Continental, |
| Fecha de producción, publicación, distribución, fabricación o copyright |
2002 |
| 300 ## - DESCRIPCIÓN FÍSICA |
| Extensión |
xi, 711 páginas : |
| Otras características físicas |
ilustraciones, gráficas, diagramas, tablas, fotos |
| 336 ## - TIPO DE CONTENIDO |
| Fuente |
rdacontent |
| Término de tipo de contenido |
texto |
| Código de tipo de contenido |
txt |
| 337 ## - TIPO DE MEDIO |
| Fuente |
rdamedia |
| Nombre/término del tipo de medio |
no mediado |
| Código del tipo de medio |
n |
| 338 ## - TIPO DE SOPORTE |
| Fuente |
rdacarrier |
| Nombre/término del tipo de soporte |
volumen |
| Código del tipo de soporte |
nc |
| 504 ## - NOTA DE BIBLIOGRAFÍA, ETC. |
| Nota de bibliografía, etc. |
Incluye bibliografías |
| 505 0# - NOTA DE CONTENIDO CON FORMATO |
| Nota de contenido con formato |
Prefacio --<br/>1. Introducción --<br/>2. Propiedades de los fluidos --<br/>3. Estática de los fluidos --<br/>4. Fluidos en movimiento --<br/>5. Variación de presión en fluidos en movimiento --<br/>6. Principio de la cantidad de movimiento --<br/>7. Principio de energía --<br/>8. Análisis dimensional y similitud --<br/>9. Resistencia de la superficie --<br/>10. Flujo de conductos --<br/>11. Arrastre y sustentación --<br/>12. Flujo comprensible --<br/>13. Mediciones de flujo --<br/>14. Turbomaquinaria --<br/>15.Flujo variado en canales abiertos --<br/>Apéndice --<br/>Respuestas --<br/>Índice |
| 520 2# - SUMARIO, ETC. |
| Sumario, etc. |
Pensamos que la mayoría de los estudiantes que ingresan al primer curso de mecánica de fluidos tienen una mayor intuición y confianza sobre la mecánica de sólidos que sobre la mecánica de fluidos. Por lo tanto, es necesario ayudarlos de manera decidida a obtener esa "primera impresión" de patrones de flujo, variación de presión y esfuerzo cortante en flujo de fluidos. Hemos tratado de presentar estos conceptos en una forma clara y elemental, para que los estudiantes desarrollen confianza en el tema y puedan continuar con temas más complejos con relativa facilidad. Hemos llevado a cabo esto dentro del texto de la siguiente manera: " Se ha hecho uso abundante de fotografías y dibujos en las descripciones de los fenómenos de flujo de fluidos, así como en los enunciados de los problemas. Este método visual está pensado para complementar las descripciones matemáticas de los conceptos básicos. " Se han incluido casi todos los pasos de la deducción de ecuaciones. junto con descripciones verbales completas para ayudar al estudiante a dar seguimiento a la deducción. Hemos tratado de ser especialmente claros en las deducciones que comprenden ecuaciones básicas de volúmenes de control, la ecuación de continuidad, la ecuación de energía y la ecuación de cantidad de movimiento. " Se ha incluido una amplia variedad de problemas. Algunos de ellos se con centran en ideas conceptuales con un mínimo de análisis; estos problemas ayudan a *encauzar" al estudiante en la dirección correcta respecto a conceptos y principios básicos. Se han incluido numerosos problemas de ejemplo. |
| 650 13 - PUNTO DE ACCESO ADICIONAL DE MATERIA--TÉRMINO DE MATERIA |
| Término de materia o nombre geográfico como elemento de entrada |
Mecánica de fluidos |
| 9 (RLIN) |
73821 |
| Fuente del encabezamiento o término |
atg |
| 650 13 - PUNTO DE ACCESO ADICIONAL DE MATERIA--TÉRMINO DE MATERIA |
| Término de materia o nombre geográfico como elemento de entrada |
Fluid mechanics |
| 9 (RLIN) |
153277 |
| Fuente del encabezamiento o término |
atg |
| 700 1# - PUNTO DE ACCESO ADICIONAL--NOMBRE DE PERSONA |
| Nombre de persona |
Elger, Donald F. |
| 9 (RLIN) |
153278 |
| Término indicativo de función/relación |
autor |
| 700 1# - PUNTO DE ACCESO ADICIONAL--NOMBRE DE PERSONA |
| Nombre de persona |
Roberson, John A. |
| 9 (RLIN) |
97895 |
| Término indicativo de función/relación |
autor |
| 700 1# - PUNTO DE ACCESO ADICIONAL--NOMBRE DE PERSONA |
| Nombre de persona |
Romo, Jorge H. |
| 9 (RLIN) |
153280 |
| Término indicativo de función/relación |
traductor |
| 942 ## - ELEMENTOS DE PUNTO DE ACCESO ADICIONAL (KOHA) |
| Tipo de ítem Koha |
Libro |
| Fuente del sistema de clasificación o colocación |
Dewey Decimal Classification |
| 901 ## - ELEMENTOS DE DATOS A LOCAL LDA (RLIN) |
| a |
620.106 C76 2002 |
| 902 ## - ELEMENTOS DE DATOS B LOCAL, LDB (RLIN) |
| a |
M |
| 905 ## - ELEMENTOS DE DATOS E LOCAL, LDE (RLIN) |
| a |
5232272002 mx aimn8222223322spa16 |